| 000 | 02998nam a2200385 a 4500 | ||
|---|---|---|---|
| 008 | 120123c20049999xx |||||||||||||| || u | ||
| 020 | _a0072862483 | ||
| 050 | _aCD/HD 66 Tub | ||
| 100 | _aTubbs, Stewart L., 1943- | ||
| 245 | 1 | 2 |
_aA systems approach to small group interaction CD-ROM.-- 8th ed. _cStewart L. Tubbs _h[cd-rom] |
| 250 | _a8th ed. | ||
| 260 |
_a _bMcGraw-Hill _c2004 |
||
| 300 | _a4 3/2 inch | ||
| 350 | _a0.00 | ||
| 650 | _aINFORMATION | ||
| 650 | _aMANAGEMENT INFORMATION SYSTEMS | ||
| 650 | _aINFORMATION SKILLS--TEACHING | ||
| 995 |
_ae-RESOURCES _e20142335 _FCBU-MAIN LIBRARY (Kitwe) _I0.00 _jCD/HD 66 Tub _M9 _UAVAILABLE _WApr 29, 2016 _y20142335 _Ze-Media Collection |
||
| 995 |
_ae-RESOURCES _e20142351 _FCBU-MAIN LIBRARY (Kitwe) _I0.00 _jCD/HD 66 Tub _M14 _UAVAILABLE _WApr 29, 2016 _y20142351 _Ze-Media Collection |
||
| 995 |
_ae-RESOURCES _e20142348 _FCBU-MAIN LIBRARY (Kitwe) _I0.00 _jCD/HD 66 Tub _M13 _UAVAILABLE _WFeb 16, 2016 _y20142348 _Ze-Media Collection |
||
| 995 |
_ae-RESOURCES _e20140040 _FCBU-MAIN LIBRARY (Kitwe) _I0.00 _jCD/HD 66 Tub _M4 _UAVAILABLE _WJun 25, 2014 _y20140040 _Ze-Media Collection |
||
| 995 |
_ae-RESOURCES _D0.00 _e20140039 _FCBU-MAIN LIBRARY (Kitwe) _H1 _I0.00 _jCD/HD 66 Tub _M3 _UAVAILABLE _WFeb 7, 2012 _y20140039 _Ze-Media Collection |
||
| 995 |
_ae-RESOURCES _D0.00 _e20140037 _FCBU-MAIN LIBRARY (Kitwe) _H1 _I0.00 _jCD/HD 66 Tub _M1 _UAVAILABLE _WJan 23, 2012 _y20140037 _Ze-Media Collection |
||
| 995 |
_ae-RESOURCES _e20142376 _FCBU-MAIN LIBRARY (Kitwe) _I0.00 _jCD/HD 66 Tub _M17 _UAVAILABLE _WFeb 16, 2016 _y20142376 _Ze-Media Collection |
||
| 995 |
_ae-RESOURCES _D0.00 _e20140038 _FCBU-MAIN LIBRARY (Kitwe) _H1 _I0.00 _jCD/HD 66 Tub _M2 _UAVAILABLE _WJan 24, 2012 _y20140038 _Ze-Media Collection |
||
| 995 |
_ae-RESOURCES _e20142356 _FCBU-MAIN LIBRARY (Kitwe) _I0.00 _jCD/HD 66 Tub _M16 _UAVAILABLE _WFeb 16, 2016 _y20142356 _Ze-Media Collection |
||
| 995 |
_ae-RESOURCES _e20140192 _FCBU-MAIN LIBRARY (Kitwe) _I0.00 _jCD/HD 66 Tub _M5 _UAVAILABLE _WApr 29, 2016 _y20140192 _Ze-Media Collection |
||
| 995 |
_ae-RESOURCES _e20140221 _FCBU-MAIN LIBRARY (Kitwe) _I0.00 _jCD/HD 66 Tub _M8 _UAVAILABLE _WApr 29, 2016 _y20140221 _Ze-Media Collection |
||
| 995 |
_ae-RESOURCES _e20142339 _FCBU-MAIN LIBRARY (Kitwe) _I0.00 _jCD/HD 66 Tub _M10 _UAVAILABLE _WFeb 16, 2016 _y20142339 _Ze-Media Collection |
||
| 995 |
_ae-RESOURCES _e20142352 _FCBU-MAIN LIBRARY (Kitwe) _I0.00 _jCD/HD 66 Tub _M15 _UAVAILABLE _WFeb 16, 2016 _y20142352 _Ze-Media Collection |
||
| 995 |
_ae-RESOURCES _e20142340 _FCBU-MAIN LIBRARY (Kitwe) _I0.00 _jCD/HD 66 Tub _M11 _UAVAILABLE _WApr 29, 2016 _y20142340 _Ze-Media Collection |
||
| 995 |
_ae-RESOURCES _e20140219 _FCBU-MAIN LIBRARY (Kitwe) _I0.00 _jCD/HD 66 Tub _M7 _UAVAILABLE _WApr 28, 2016 _y20140219 _Ze-Media Collection |
||
| 995 |
_ae-RESOURCES _e20140194 _FCBU-MAIN LIBRARY (Kitwe) _I0.00 _jCD/HD 66 Tub _M6 _UAVAILABLE _WApr 29, 2016 _y20140194 _Ze-Media Collection |
||
| 995 |
_ae-RESOURCES _D0.00 _e20142344 _FCBU-MAIN LIBRARY (Kitwe) _H1 _I0.00 _jCD/HD 66 Tub _M12 _UAVAILABLE _WJan 23, 2012 _y20142344 _Ze-Media Collection |
||
| 999 |
_c80893 _d80893 |
||